Power and Pathos: bronze sculpture of the hellenistic world

-д хадгалсан:
Номзүйн дэлгэрэнгүй
Үндсэн зохиолчид: Daehner, Jens M (Зохиогч), Lapatin, Kenneth (Зохиогч)
Формат: Ном
Хэл сонгох:англи
Хэвлэсэн: Los Angeles J. Paul Getty Museum 2015
Хэвлэл:1a. ed
Нөхцлүүд:
Шошгууд: Шошго нэмэх
Шошго байхгүй, Энэхүү баримтыг шошголох эхний хүн болох!

MARC

LEADER 00000cam a2200000 a 4500
001 UCC5048
003 CL-VaPUC
008 180913e20150000us |||||||||||||||||eng|d
020 |a 9781606064405 
082 0 4 |a 730  |b DAE  |2 21 
100 0 |a Daehner, Jens M  |e author  |9 599349 
700 0 |a Lapatin, Kenneth  |e author  |9 599350 
245 1 0 |a Power and Pathos: bronze sculpture of the hellenistic world 
250 |a 1a. ed 
300 |a 367 p 
942 |c BK 
945 |d 20180913 22:58:00  |a dcastane 
260 |a Los Angeles  |b J. Paul Getty Museum  |c 2015 
650 0 |a Escultura  |9 265737 
650 0 |a Historia del arte  |9 314877 
650 0 |a Arte griego  |9 267884 
650 0 |a Mitología   |9 255719 
583 |a last modification  |c 20180913 22:58:00  |k Rodrigo Vera 
999 |c 372388  |d 372386 
952 |0 0  |1 0  |3 erb  |4 0  |6 730_000000000000000_DAE_2015  |7 0  |8 A  |9 490028  |a BIBHIS  |b BIBHIS  |i 5501598  |o 730 DAE 2015  |p 5501598  |r 2025-01-20  |w 2019-11-24  |y BK  |z Catalogado en:20180913  |k HIS